| Tag |
First Indicator |
Second Indicator |
Subfields |
| LEADER |
00000cam a2200000 a 4500 |
| 001 |
in00001229921 |
| 005 |
20151003071150.0 |
| 008 |
940926s1994 enkaf 001 0 eng d |
| 010 |
|
|
|a 95166837
|
| 015 |
|
|
|a GB94-76567
|
| 020 |
|
|
|a 1854092200
|
| 035 |
|
|
|a (OCoLC)31330842
|
| 035 |
|
|
|9 AGT3736AM
|
| 040 |
|
|
|a Uk
|c DLC
|d UKM
|d TXA
|d UtOrBLW
|
| 042 |
|
|
|a lccopycat
|
| 043 |
|
|
|a e-uk---
|
| 049 |
|
|
|a TXAS [mil]
|
| 050 |
0 |
0 |
|a UG1242.B6
|b F724 1994
|
| 082 |
0 |
0 |
|a 940.54/4941
|2 20
|
| 090 |
|
|
|a UG1242.B6
|b F76 1994
|
| 100 |
1 |
|
|a Franks, Norman L. R.
|
| 245 |
1 |
4 |
|a The Lancaster /
|c Norman Franks.
|
| 264 |
|
1 |
|a London :
|b Arms and Armour ;
|c [1994]
|
| 264 |
|
2 |
|a New York, NY :
|b Distributed in the USA by Sterling Pub.,
|
| 264 |
|
4 |
|c ©1994
|
| 300 |
|
|
|a 222 pages, 48 unnumbered pages of plates :
|b illustrations ;
|c 24 cm.
|
| 336 |
|
|
|a text
|b txt
|2 rdacontent
|
| 337 |
|
|
|a unmediated
|b n
|2 rdamedia
|
| 338 |
|
|
|a volume
|b nc
|2 rdacarrier
|
| 490 |
1 |
|
|a Claims to fame
|
| 500 |
|
|
|a Includes index.
|
| 650 |
|
0 |
|a Lancaster (Bomber)
|x History.
|
| 650 |
|
0 |
|a World War, 1939-1945
|x Aerial operations, British.
|
| 610 |
1 |
0 |
|a Great Britain.
|b Royal Air Force.
|b Bomber Command.
|
| 830 |
|
0 |
|a Claims to fame.
|
| 999 |
|
|
|a MARS
|
| 999 |
f |
f |
|s 96316305-3aab-32ba-a108-2c09bfdc7786
|i 613a5fb5-cc73-3997-999d-266b2b716c1c
|t 0
|
| 952 |
f |
f |
|p noncirc
|a Texas A&M University
|b College Station
|c Cushing Memorial Library & Archives
|d Cushing: Ragan Military (Does not check out)
|t 0
|e UG1242.B6 F76 1994
|h Library of Congress classification
|i unmediated -- volume
|
| 998 |
f |
f |
|a UG1242.B6 F76 1994
|t 0
|l Cushing: Ragan Military (Does not check out)
|